00678nam a2200181 i 450000100060000000300090000600500170001500700030003200800410003510000310007624501190010726000460022630000200027250501070029265000480039970000250044785200240047270814ES-MaACL20230906170930.0t|040803s1947 sp ||||1| spa d1 aGarrido García, Alfredo.10aContestaciones al programa de asistencia pública domiciliaria / cpor A. Garrido García y J. Herrero Quintero. aMadrid : b[s.n.], c1947 (fGráf. Mog) a2 v. ; c21 cm.1 aContiene: 1. Cirugía y 10 primeros temas de medicina (567 p.) - 3. Higiene y legislación (456 p.) 4aMedicina-xContestaciones para oposiciones.1 aHerrero Quintero, J.4 aES-MaACLjP-868-bis